| 000 | 00403nam a22001697a 4500 | ||
|---|---|---|---|
| 005 | 20160527140243.0 | ||
| 008 | 160527b xxu||||| |||| 00| 0 eng d | ||
| 020 | _a81-259-0538-3 | ||
| 041 | _aeng | ||
| 082 | _b5554 | ||
| 100 |
_aKumar, S Ramesh _91395 |
||
| 245 | _aMacketing Nuggets | ||
| 260 |
_aNew Delhi _bAcademic Faundation _c1998 |
||
| 300 | _a354 | ||
| 650 |
_aManagement _9241 |
||
| 942 | _cBK | ||
| 999 |
_c1974 _d1973 |
||